| 000 | 00000nam 2200000zi 4500 |
| 001 | 9.891942 |
| 003 | CaOODSP |
| 005 | 20250324130929 |
| 006 | m o d f |
| 007 | cr ||||||||||| |
| 008 | 200930s1976 quco o f000 0 fre d |
| 040 | |aCaOODSP|bfre|erda|cCaOODSP |
| 041 | |afre|beng |
| 043 | |an-cn-bc |
| 086 | 1 |aCo22-455/1976F-PDF |
| 245 | 00|aTélévision française à Vancouver : |bextraits de La Presse, Le Devoir, the Montreal Star, The Gazette, Le Soleil, La Tribune, du 13 janvier au 4 mars 1976. |
| 264 | 1|a[Québec] : |bMinistère des communications, Bureau régional du Québec, Service de l'information, |c[1976] |
| 300 | |a1 ressource en ligne (32 pages non numérotées) : |bphotographies |
| 336 | |atexte|btxt|2rdacontent/fre |
| 337 | |ainformatique|bc|2rdamedia/fre |
| 338 | |aressource en ligne|bcr|2rdacarrier/fre |
| 500 | |aÉdition numérisée de l'imprimé [par Innovation, Sciences et Développement économique Canada]. |
| 546 | |aComprend du texte en anglais. |
| 650 | 6|aTélévision|zColombie-Britannique|zVancouver. |
| 650 | 6|aFrançais (Langue)|zColombie-Britannique|zVancouver. |
| 650 | 0|aTelevision broadcasting|zBritish Columbia|zVancouver. |
| 650 | 0|aFrench language|zBritish Columbia|zVancouver. |
| 710 | 1 |aCanada. |bMinistère des communications, |eorganisme de publication. |
| 856 | 40|qPDF|s2.82 Mo|uhttps://publications.gc.ca/collections/collection_2023/isde-ised/co22/Co22-455-1976-fra.pdf |